La abadía de Westminster.

Uloženo v:
Podrobná bibliografie
Hlavní autor: Gorlier, Claudio
Médium: Kniha
Jazyk:španělština
Vydáno: Madrid, España Cupsa 1982
Edice:Documentos de Arte
Témata:
Tagy: Přidat tag
Žádné tagy, Buďte první, kdo vytvoří štítek k tomuto záznamu!

MARC

LEADER 00000nam a2200000 a 4500
001 UCP8247
003 CL-VaPUC
005 20220913074554.0
008 000114e19820000SP |||||||||||||||||spa|d
999 |c 285179  |d 285177 
040 |c Pontificia Universidad Católica de Valparaíso 
082 0 4 |a 726.7 GOR 1982  |2 21 
100 0 |a Gorlier, Claudio  |9 438073 
245 1 3 |a La abadía de Westminster. 
260 0 3 |a Madrid, España  |b Cupsa  |c 1982 
300 |a 75 páginas 
490 0 |a Documentos de Arte 
583 |a last modification  |c 20000114 00:00:00  |k Rodrigo Vera 
650 0 |a Arquitectura religiosa  |9 266677 
650 0 |a Abadías  |9 369484 
650 0 |a Edificios religiosos  |9 335394 
651 0 |a Inglaterra  |9 255158 
942 |c BK  |2 ddc 
945 |d 20000114 00:00:00  |a crobeson 
952 |0 0  |1 0  |2 ddc  |4 0  |6 726_700000000000000_GOR_1982  |7 0  |8 A  |9 329599  |a BIBHIS  |b BIBHIS  |d 2019-11-20  |i 1390813  |o 726.7 GOR 1982  |p 1390813  |r 2025-01-20  |t 1  |w 2019-11-20  |y BK  |k HIS